| 000 | 00502nam a22001817a 4500 | ||
|---|---|---|---|
| 003 | CEME | ||
| 005 | 20210628204120.0 | ||
| 008 | 210125b xxu||||| |||| 00| 0 eng d | ||
| 020 | _a0-8493-1466-6 | ||
| 040 | _c. | ||
| 082 | _a629.2293 HUS | ||
| 100 |
_aIqbal Husain:Husain, Iqbal _968812 |
||
| 245 | _aElectric and hybrid vehicles;design fundamentals | ||
| 260 |
_aNEW YORK _bCRC PRESS _c2003 |
||
| 300 | _a270P | ||
| 650 |
_aELECTRIC VEHICLES, HYBIRD ELECTRIC VEHICLES _968813 |
||
| 942 |
_cBK _2ddc |
||
| 999 |
_c576274 _d576274 |
||